Normal view
MARC view
- حمزة، عبد اللطيف
Entry Personal Name
001 - CONTROL NUMBER
- control field: 18476
003 - CONTROL NUMBER IDENTIFIER
- control field: JO-AjAnu
005 - DATE AND TIME OF LATEST TRANSACTION
- control field: 20230606073238.0
008 - FIXED-LENGTH DATA ELEMENTS
- fixed length control field: 230606|| aca||aabn | a|a d
040 ## - CATALOGING SOURCE
- Original cataloging agency: JO-AjAnu
- Transcribing agency: JO-AjAnu
100 ## - HEADING--PERSONAL NAME
- Personal name: حمزة، عبد اللطيف
670 ## - SOURCE DATA FOUND
- Source citation: Work cat.: (JO-AjAnu)9484: حمزة، عبد اللطيف, author, مستقبل الصحافة: الأدب والصحافة، الجزء الأول